000 00692nam a2200181Ia 4500
008 090630s9999 xx 000 0 und d
082 _b6702
100 _aआफळे सुनिता.
245 _aकुंपणा पलीकडच्या बकुळी.
_cआफळे सुनिता.
260 _bक्रिडा - नागपूर.
_c1979
300 _a143
600 _aआफळे सुनिता.
630 _aकुंपणा पलीकडच्या बकुळी.
655 _aलघुकथा.
700 _aआफळे सुनिता.
730 _aकुंपणा पलीकडच्या बकुळी.
942 _cBOOK
999 _c258558
_d258558